000 00518nam a22001697a 4500
020 _a9788131725313
082 _a621.3822 PHI
100 _aPhillips, Charless
245 _aSignals, Systems and Transforms
250 _a4th ed.
260 _aNew Delhi, India
_bPearson Education
_c2008
300 _axx, 772 p.
_bill. ;
500 _aIncludes index.
650 _a1. Signal processing--mathematical models. 2. Transformations (Mathematics). 3. System analysis.
700 _aParr, John and Riskin Eve
942 _cBK
999 _c12580
_d12580